The other Garden / (Record no. 129928)

MARC details
000 -LEADER
fixed length control field 00608nam a22002177a 4500
005 - DATE AND TIME OF LATEST TRANSACTION
control field 20170124110104.0
010 ## - LIBRARY OF CONGRESS CONTROL NUMBER
LC control number A-798754
020 ## - INTERNATIONAL STANDARD BOOK NUMBER
Terms of availability 00.00
International Standard Book Number 8171673228
035 ## - SYSTEM CONTROL NUMBER
System control number A-798754
037 ## - SOURCE OF ACQUISITION
Source of stock number/acquisition Cen Lib/Ret
040 ## - CATALOGING SOURCE
Original cataloging agency DPL
Language of cataloging EN
082 ## - DEWEY DECIMAL CLASSIFICATION NUMBER
Classification number N-
Item number SAR
100 ## - MAIN ENTRY--PERSONAL NAME
Personal name Sarukkai-Chabria, Priya
9 (RLIN) 27813
245 ## - TITLE STATEMENT
Title The other Garden /
Statement of responsibility, etc by Priya Sarukkai-Chabria
260 ## - PUBLICATION, DISTRIBUTION, ETC. (IMPRINT)
Place of publication, distribution, etc Calcutta
Name of publisher, distributor, etc Rupa.Co.
Date of publication, distribution, etc 1995
270 ## - ADDRESS
City Calcutta
Address 15, Bubnkim Chatterjee Street
Postal code 700073
300 ## - PHYSICAL DESCRIPTION
Extent 303p.
Dimensions 17cm(Hb)
650 ## - SUBJECT ADDED ENTRY--TOPICAL TERM
Topical term or geographic name as entry element English literature
9 (RLIN) 85815
650 ## - SUBJECT ADDED ENTRY--TOPICAL TERM
Topical term or geographic name as entry element Novels
9 (RLIN) 13976
942 ## - ADDED ENTRY ELEMENTS (KOHA)
Source of classification or shelving scheme Dewey Decimal Classification
Koha item type English Books
Classification part N-
Call number suffix SAR
Holdings
Withdrawn status Lost status Damaged status Not for loan Home library Current library Date acquired Source of acquisition Cost, normal purchase price Total Checkouts Full call number Barcode Date last seen Copy number Cost, replacement price Price effective from Koha item type
        Central Library Central Library 08/07/2015 Cen Lib/Ret 0.00   N SAR A-798754 08/07/2015 1 0.00 15/09/2016 English Books

© Delhi Public Library
Hit Counter
free hit counter